The managers : A new examination of the English, German and American executive

Bewaard in:
Bibliografische gegevens
Hoofdauteur: Lewis, Roy
Formaat: Boek
Taal:Undetermined
Gepubliceerd in: New York New American Library 1961
Onderwerpen:
Tags: Voeg label toe
Geen labels, Wees de eerste die dit record labelt!
Thư viện lưu trữ: Trung tâm Học liệu Trường Đại học Cần Thơ
LEADER 00517nam a2200181Ia 4500
001 CTU_78139
008 210402s9999 xx 000 0 und d
082 |a 658 
082 |b L673 
100 |a Lewis, Roy 
245 4 |a The managers : 
245 2 |b A new examination of the English, German and American executive 
245 0 |c Roy Lewis, Rosemary Stewart 
260 |a New York 
260 |b New American Library 
260 |c 1961 
650 |a Executives 
980 |a Trung tâm Học liệu Trường Đại học Cần Thơ